| 000 | 00588nam a2200217Ia 4500 | ||
|---|---|---|---|
| 003 | OSt | ||
| 005 | 20230415113719.0 | ||
| 008 | 210423s2002 xx 000 0 und d | ||
| 020 | _a81-222-0025-7 | ||
| 040 | _cAL | ||
| 041 | _aeng | ||
| 082 |
_a158.1 _223 _bSCHT |
||
| 100 |
_aSCHULLER (Robert H) _988840 |
||
| 245 | _aTough times never last but Tough people do | ||
| 260 |
_aNew Delhi _bOrient Paperback _c2002 |
||
| 300 |
_a207 _bPB |
||
| 365 |
_b80 _cINR |
||
| 650 |
_aApplied Psychology _988841 |
||
| 906 | _abut ; do ; last ; never ; people ; times ; Tough | ||
| 942 |
_2ddc _cBK |
||
| 999 |
_c170002 _d170002 |
||